MARC details
| 000 -LEADER |
| fixed length control field |
02140nam a2200337 i 4500 |
| 001 - CONTROL NUMBER |
| control field |
200463456 |
| 003 - CONTROL NUMBER IDENTIFIER |
| control field |
TR-AnTOB |
| 005 - DATE AND TIME OF LATEST TRANSACTION |
| control field |
20250117165202.0 |
| 007 - PHYSICAL DESCRIPTION FIXED FIELD--GENERAL INFORMATION |
| fixed length control field |
ta |
| 008 - FIXED-LENGTH DATA ELEMENTS--GENERAL INFORMATION |
| fixed length control field |
250116t20212021tu b 000 0 tur d |
| 020 ## - INTERNATIONAL STANDARD BOOK NUMBER |
| International Standard Book Number |
9786050508567 |
| Qualifying information |
(paperback) |
| 035 ## - SYSTEM CONTROL NUMBER |
| System control number |
(TR-AnTOB)200463456 |
| 040 ## - CATALOGING SOURCE |
| Original cataloging agency |
TR-AnTOB |
| Language of cataloging |
eng |
| Description conventions |
rda |
| Transcribing agency |
TR-AnTOB |
| 041 ## - LANGUAGE CODE |
| Language code of text/sound track or separate title |
Türkçe |
| 050 ## - LIBRARY OF CONGRESS CALL NUMBER |
| Classification number |
KKX80.C65 |
| Item number |
B55 2021 |
| 090 ## - LOCALLY ASSIGNED LC-TYPE CALL NUMBER (OCLC); LOCAL CALL NUMBER (RLIN) |
| Classification number (OCLC) (R) ; Classification number, CALL (RLIN) (NR) |
KKX80.C65 |
| Local cutter number (OCLC) ; Book number/undivided call number, CALL (RLIN) |
B55 2021 |
| 245 00 - TITLE STATEMENT |
| Title |
Bilişim hukuku güncel sorunlar II / |
| Statement of responsibility, etc. |
editör: Doç. Dr. Süleyman Yılmaz. |
| 264 #1 - PRODUCTION, PUBLICATION, DISTRIBUTION, MANUFACTURE, AND COPYRIGHT NOTICE |
| Place of production, publication, distribution, manufacture |
Ankara : |
| Name of producer, publisher, distributor, manufacturer |
Yetkin Yayınlarıi |
| Date of production, publication, distribution, manufacture, or copyright notice |
2021. |
|
| Date of production, publication, distribution, manufacture, or copyright notice |
©2021 |
| 300 ## - PHYSICAL DESCRIPTION |
| Extent |
510 pages ; |
| Dimensions |
24 cm |
| 336 ## - CONTENT TYPE |
| Content type term |
text |
| Content type code |
txt |
| Source |
rdacontent |
| 337 ## - MEDIA TYPE |
| Media type term |
unmediated |
| Media type code |
n |
| Source |
rdamedia |
| 338 ## - CARRIER TYPE |
| Carrier type term |
volume |
| Carrier type code |
nc |
| Source |
rdacarrier |
| 504 ## - BIBLIOGRAPHY, ETC. NOTE |
| Bibliography, etc. note |
Includes bibliographical references. |
| 505 0# - FORMATTED CONTENTS NOTE |
| Title |
Akıllı sözleşmelere hukukî bir bakış / |
| Statement of responsibility |
Onur İlhan -- |
| Title |
Yazılımların fikri mülkiyet hukuku kapsamında korunması / |
| Statement of responsibility |
Özge Öztürk -- |
| Title |
İnternet üzerinden kurulan mesafeli satış sözleşmelerinde tüketicinin korunması / |
| Statement of responsibility |
Sarp Gümüş -- |
| Title |
Sosyal medyada kişilik haklarının ihlâli ve özel hukuk bağlamında korunması / |
| Statement of responsibility |
Arş. Gör. Ayşegül Kaya -- |
| Title |
Biyometrik verilerin korunması / |
| Statement of responsibility |
Beşir Orak -- |
| Title |
İnternet ortamında reklam amaçlı veri işlenmesi ve veri sahibinin rızası / |
| Statement of responsibility |
Abdulkerim Çevik -- |
| Title |
6698 sayılı kişisel verilerin korunması kanunu kapsamında çerez kullanımının hukuki şartları / |
| Statement of responsibility |
İlknur Pakyürek Şemenoğlu -- |
| Title |
Servis sağlayıcının marka hakkına tecavüzden ve telif hakkı ihlalinden sorumluluğu / |
| Statement of responsibility |
Müberra Sümeyye Altınok -- |
| Title |
Ticari elektronik iletiler ve kişisel verilerin korunması / |
| Statement of responsibility |
Oğulcan Özkan -- |
| Title |
Uyar-kaldır sistemi / |
| Statement of responsibility |
Özgür Doğan -- |
| Title |
Yapay zekânın hukuki niteliğinin değerlendirilmesi / |
| Statement of responsibility |
Hasan Ali Güçlü -- |
| Title |
Bilişim sözleşmeleri kapsamında hizmet seviyesi anlaşması / |
| Statement of responsibility |
Yekta Ongun Özkan. |
| 650 #0 - SUBJECT ADDED ENTRY--TOPICAL TERM |
| Topical term or geographic name entry element |
Bilgisayar ağları |
| General subdivision |
Hukuk ve mevzuat |
| Geographic subdivision |
Türkiye |
| 9 (RLIN) |
116123 |
|
| Topical term or geographic name entry element |
Bilgi saklama ve geri alma sistemleri |
| General subdivision |
Hukuk ve mevzuat |
| Geographic subdivision |
Türkiye |
| Source of heading or term |
etuturkob |
| 9 (RLIN) |
147885 |
| 700 1# - ADDED ENTRY--PERSONAL NAME |
| Personal name |
Yılmaz, Süleyman |
| Relator term |
editor |
| 9 (RLIN) |
121643 |
| 942 ## - ADDED ENTRY ELEMENTS (KOHA) |
| Source of classification or shelving scheme |
Library of Congress Classification |
| Koha item type |
Book |